| 000 -LEADER |
| fixed length control field |
01111nam a22003257a 4500 |
| 001 - CONTROL NUMBER |
| control field |
3422988 |
| 003 - CONTROL NUMBER IDENTIFIER |
| control field |
OSt |
| 005 - DATE AND TIME OF LATEST TRANSACTION |
| control field |
20210426102221.0 |
| 008 - FIXED-LENGTH DATA ELEMENTS--GENERAL INFORMATION |
| fixed length control field |
900621t19901989ohua b 001 0 eng |
| 010 ## - LIBRARY OF CONGRESS CONTROL NUMBER |
| LC control number |
90168186 |
| 020 ## - INTERNATIONAL STANDARD BOOK NUMBER |
| International Standard Book Number |
0893572071 |
| 040 ## - CATALOGING SOURCE |
| Original cataloging agency |
DLC |
| Transcribing agency |
DLC |
| Modifying agency |
DLC |
| Language of cataloging |
eng |
| 041 0# - LANGUAGE CODE |
| Language code of text/sound track or separate title |
enggeo |
| 050 00 - LIBRARY OF CONGRESS CALL NUMBER |
| Classification number |
PK9107 |
| Item number |
.A76 1990 |
| 080 ## - UNIVERSAL DECIMAL CLASSIFICATION NUMBER |
| Universal Decimal Classification number |
811.353.1 |
| Item number |
A-77 |
| 082 00 - DEWEY DECIMAL CLASSIFICATION NUMBER |
| Classification number |
499/.96 |
| Edition number |
20 |
| 100 1# - MAIN ENTRY--PERSONAL NAME |
| Personal name |
Aronson, Howard I. (Howard Isaac), |
| Dates associated with a name |
1936- |
| 245 10 - TITLE STATEMENT |
| Title |
Georgian : |
| Remainder of title |
a reading grammar / |
| Statement of responsibility, etc. |
/ by: Slavica Publishers Inc |
| 250 ## - EDITION STATEMENT |
| Edition statement |
Corrected edition |
| 260 ## - PUBLICATION, DISTRIBUTION, ETC. |
| Place of publication, distribution, etc. |
Columbus, Ohio |
| Name of publisher, distributor, etc. |
Slavica Publishers Inc |
| Date of publication, distribution, etc. |
1990, c1989. |
| 300 ## - PHYSICAL DESCRIPTION |
| Extent |
537 p. |
| Other physical details |
ill. |
| Dimensions |
23 cm. |
| 500 ## - GENERAL NOTE |
| General note |
English and Georgian. |
| 504 ## - BIBLIOGRAPHY, ETC. NOTE |
| Bibliography, etc. note |
Includes bibliographical references (p. 476-477) and index. |
| 650 #0 - SUBJECT ADDED ENTRY--TOPICAL TERM |
| Topical term or geographic name entry element |
Georgian language |
| General subdivision |
Grammar. |
| 650 #0 - SUBJECT ADDED ENTRY--TOPICAL TERM |
| Topical term or geographic name entry element |
Georgian language |
| General subdivision |
Textbooks for foreign speakers |
| -- |
English. |
| 653 ## - INDEX TERM--UNCONTROLLED |
| Uncontrolled term |
ქართული ენა |
| 906 ## - LOCAL DATA ELEMENT F, LDF (RLIN) |
| a |
7 |
| b |
cbc |
| c |
orignew |
| d |
2 |
| e |
ncip |
| f |
19 |
| g |
y-gencatlg |
| 942 ## - ADDED ENTRY ELEMENTS (KOHA) |
| Source of classification or shelving scheme |
|
| Koha item type |
Books |